000 01031cam a2200229 4500500
005 20260111132233.0
041 _afre
042 _adc
100 1 0 _aBatut, Patrick
_eauthor
245 0 0 _aDes savoirs invisibles à reconnaître ?
260 _c2025.
500 _a36
520 _aLa bonne attitude au moment opportun. Patrick Batut va puiser aux sources antiques de la mètis et du kairos de possibles origines de la co-soignance. Mettant face à face la profession et les métiers, il se demande si ces savoirs invisibles qui se déploient dans les interstices de la relation, dans l’instant, ne devraient pas rester cachés.
690 _aco-soignance
690 _akairos
690 _amètis
690 _asavoirs exclus
690 _aSavoirs invisibles
690 _asavoirs non reconnus
786 0 _nVST - Vie sociale et traitements | 168 | 4 | 2025-12-05 | p. 50-53 | 0396-8669
856 4 1 _uhttps://shs.cairn.info/revue-vst-vie-sociale-et-traitements-2025-4-page-50?lang=fr&redirect-ssocas=7080
999 _c1634628
_d1634628